[Event "Pardubice Region-chT 2223"]
[Site "Czech Republic"]
[Date "2022.11.13"]
[Round "3.5"]
[White "Prokop, Matej"]
[Black "Kalousek, Vladimir"]
[Result "1-0"]
[WhiteElo "1824"]
[BlackElo "1890"]
[PlyCount "85"]
[EventDate "2022.10.09"]
[EventType "team-tourn"]
[EventRounds "11"]
[EventCountry "CZE"]
[SourceTitle "EXT 2024"]
[Source "ChessBase"]
[SourceDate "2023.10.10"]
[SourceVersion "1"]
[SourceVersionDate "2023.10.10"]
[SourceQuality "1"]

1. e4 c5 2. Nf3 d6 3. d4 cxd4 4. Nxd4 Nf6 5. Nc3 g6 6. Be3 Bg7 7. Bc4 0-0 8. f3 Nc6 9. Qd2 Bd7 10. 0-0-0 Nxd4 11. Bxd4 Be6 12. Bxe6 fxe6 13. g4 e5 14. Be3 Qa5 15. Kb1 Rac8 16. h4 Rxc3 17. Qxc3 Qxc3 18. bxc3 Nd7 19. Rhf1 Rc8 20. Kb2 a6 21. a4 Bf6 22. g5 Bg7 23. Kb3 Rc6 24. c4 Bf8 25. Rb1 e6 26. Rfd1 Be7 27. Kc3 Rc7 28. Kd3 Kf7 29. Rb2 Nc5+ 30. Bxc5 Rxc5 31. Rxb7 d5 32. cxd5 exd5 33. exd5 Rxd5+ 34. Ke2 Rxd1 35. Kxd1 Ke6 36. Rb6+ Kf5 37. Ke2 a5 38. Rb7 Bc5 39. Rb5 Bb4 40. Rxb4 axb4 41. a5 Kf4 42. a6 Kg3 43. a7 1-0

[Event "Pardubice op rap 26th"]
[Site "Pardubice"]
[Date "2015.07.23"]
[Round "7"]
[White "Bin Suhayl, Ieysaa"]
[Black "Prokop, Matej"]
[Result "1-0"]
[WhiteElo "1905"]
[BlackElo "1588"]
[PlyCount "55"]
[EventDate "2015.07.22"]
[EventType "swiss (rapid)"]
[EventRounds "9"]
[EventCountry "CZE"]
[SourceTitle "CBM 167 Extra"]
[Source "ChessBase"]
[SourceDate "2015.09.14"]
[SourceVersion "1"]
[SourceVersionDate "2015.09.14"]
[SourceQuality "1"]

1. e4 c5 2. Nf3 d6 3. d4 cxd4 4. Nxd4 Nf6 5. Nc3 g6 6. Be3 Bg7 7. f3 Nc6 8. Qd2 0-0 9. Bc4 Bd7 10. 0-0-0 Rc8 11. Bb3 a6 12. g4 b5 13. h4 Ne5 14. Bh6 Nc4 15. Bxc4 Rxc4 16. Bxg7 Kxg7 17. h5 Qa5 18. Nb3 Qd8 19. hxg6 fxg6 20. Qh6+ Kg8 21. g5 Nh5 22. Rxh5 gxh5 23. g6 hxg6 24. Qxg6+ Kh8 25. Rh1 Rc5 26. Qh6+ Kg8 27. Qg6+ Kh8 28. Nxc5 1-0